[Event "Titled Tuesday intern op 28th Feb Late"]
[Site "Chess.com INT"]
[Date "2023.02.28"]
[Round "3"]
[White "Womacka, Mathias"]
[Black "Alikhanov, Felix"]
[Result "0-1"]
[WhiteElo "2409"]
[BlackElo "2434"]
[PlyCount "56"]
[EventDate "2023.02.28"]
[EventType "swiss (blitz)"]
[EventRounds "11"]
[EventCountry "USA"]
[SourceTitle "CBM 213 Extra"]
[Source "ChessBase"]
[SourceDate "2023.05.31"]
[SourceVersion "1"]
[SourceVersionDate "2023.05.31"]
[SourceQuality "1"]

1. e4 e6 2. d4 d5 3. Nd2 Nf6 4. e5 Nfd7 5. Bd3 c5 6. c3 Nc6 7. Ne2 cxd4 8. cxd4 f6 9. exf6 Nxf6 10. Nf3 Bd6 11. 0-0 0-0 12. Bf4 Bxf4 13. Nxf4 Ng4 14. g3 g5 15. Ng2 Qf6 16. Be2 Nh6 17. Ne3 Nf5 18. Ng4 Qg7 19. Bb5 Ncxd4 20. Nxd4 Nxd4 21. Ba4 e5 22. f3 Rxf3 23. Rxf3 Bxg4 24. Rf8+ Rxf8 25. Qxg4 e4 26. Rf1 Nf3+ 27. Kg2 Qxb2+ 28. Kh3 Qxh2# 0-1

[Event "Titled Tuesday intern op 03rd Jan Late"]
[Site "Chess.com INT"]
[Date "2023.01.03"]
[Round "9"]
[White "Alikhanov, Felix"]
[Black "Graif, William"]
[Result "1-0"]
[WhiteElo "2434"]
[BlackElo "2305"]
[PlyCount "69"]
[EventDate "2023.01.03"]
[EventType "swiss (blitz)"]
[EventRounds "11"]
[EventCountry "USA"]
[SourceTitle "EXT 2024"]
[Source "ChessBase"]
[SourceDate "2023.10.10"]
[SourceVersion "1"]
[SourceVersionDate "2023.10.10"]
[SourceQuality "1"]

1. e4 e5 2. Nf3 Bc5 3. Bc4 Nf6 4. d3 Nc6 5. 0-0 d6 6. h3 a6 7. c3 Na5 8. b4 Nxc4 9. bxc5 Na5 10. Qa4+ Nc6 11. cxd6 cxd6 12. d4 0-0 13. d5 Na5 14. Bg5 b5 15. Qc2 h6 16. Bh4 Bd7 17. Nbd2 Rc8 18. Qd3 Qc7 19. Bxf6 gxf6 20. Rac1 Kh7 21. Nh4 Rg8 22. Qf3 Qd8 23. Nf5 Bxf5 24. exf5 Nc4 25. Ne4 Qe7 26. Kh2 Rg7 27. g4 Rh8 28. Ra1 h5 29. g5 Rxg5 30. Nxg5+ fxg5 31. f6 Qf8 32. Qxh5+ Kg8 33. Qxg5+ Kh7 34. Qh5+ Kg8 35. Rg1+ 1-0

[Event "Titled Tuesday intern op 03rd Jan Late"]
[Site "Chess.com INT"]
[Date "2023.01.03"]
[Round "2"]
[White "Oparin, Grigoriy"]
[Black "Alikhanov, Felix"]
[Result "1-0"]
[WhiteElo "2670"]
[BlackElo "2434"]
[PlyCount "75"]
[EventDate "2023.01.03"]
[EventType "swiss (blitz)"]
[EventRounds "11"]
[EventCountry "USA"]
[SourceTitle "EXT 2024"]
[Source "ChessBase"]
[SourceDate "2023.10.10"]
[SourceVersion "1"]
[SourceVersionDate "2023.10.10"]
[SourceQuality "1"]

1. b3 e5 2. Bb2 Nc6 3. c4 Nf6 4. e3 d5 5. cxd5 Nxd5 6. Nc3 Be6 7. a3 Bd6 8. Qc2 0-0 9. Nf3 h6 10. Bc4 Nce7 11. Nxd5 Bxd5 12. Nxe5 Bxe5 13. Bxe5 Bxc4 14. bxc4 c5 15. 0-0 Nc6 16. Bc3 Rc8 17. Qf5 Qe7 18. Rad1 b6 19. Rfe1 Rfe8 20. h3 Qe6 21. Qxe6 fxe6 22. f4 e5 23. fxe5 Nxe5 24. Bxe5 Rxe5 25. Kf2 Rf8+ 26. Ke2 Rg5 27. g4 h5 28. Rg1 Re5 29. Rg2 h4 30. Rf2 Rxf2+ 31. Kxf2 Kf7 32. Ke2 Kf6 33. Rf1+ Ke7 34. Rf4 g6 35. d3 a6 36. a4 Rg5 37. Re4+ Kd7 38. Kf3 1-0

[Event "Titled Tuesday intern op 14th Dec"]
[Site "Chess.com INT"]
[Date "2021.12.14"]
[Round "9"]
[White "Alikhanov, Felix"]
[Black "Sychev, Klementy"]
[Result "1-0"]
[WhiteElo "2434"]
[BlackElo "2550"]
[PlyCount "111"]
[EventDate "2021.12.14"]
[EventType "swiss (blitz)"]
[EventRounds "11"]
[EventCountry "USA"]
[SourceTitle "EXT 2023"]
[Source "ChessBase"]
[SourceDate "2022.10.05"]
[SourceVersion "1"]
[SourceVersionDate "2022.10.05"]
[SourceQuality "1"]

1. e4 Nc6 2. d4 d5 3. Nc3 dxe4 4. d5 Nb8 5. Bf4 Nf6 6. Qd2 c6 7. 0-0-0 cxd5 8. f3 exf3 9. Nxf3 e6 10. g4 Bb4 11. Qd4 Bxc3 12. Qxc3 0-0 13. Bd3 Nc6 14. g5 d4 15. Nxd4 Nd5 16. Nxc6 bxc6 17. Qc4 Qb6 18. Bd2 Rb8 19. b3 Nb4 20. Bxb4 Qxb4 21. Qxb4 Rxb4 22. h4 e5 23. h5 Bg4 24. Rde1 Bf3 25. Rhf1 e4 26. Bc4 c5 27. g6 Rxc4 28. gxf7+ Rxf7 29. bxc4 g5 30. hxg6 hxg6 31. Rg1 Kg7 32. Rg5 Rf5 33. Reg1 Kf6 34. Rxg6+ Ke5 35. R6g5 e3 36. Rxf5+ Kxf5 37. Re1 Ke4 38. Rg1 Kd4 39. Rf1 Bh5 40. Rf4+ Kc3 41. Re4 e2 42. Re3+ Kxc4 43. Kd2 a5 44. Ra3 Kb5 45. Rb3+ Kc6 46. Ra3 Kb6 47. Rb3+ Kc6 48. Ra3 Kb5 49. Rh3 Bg4 50. Rh4 Bf3 51. Rf4 Bh5 52. Rf5 Bg4 53. a4+ Kc6 54. Rf4 Bh5 55. Rf6+ Kc7 56. Ra6 1-0

[Event "Titled Tuesday intern op 14th Dec"]
[Site "Chess.com INT"]
[Date "2021.12.14"]
[Round "2"]
[White "Alikhanov, Felix"]
[Black "Vidit, Santosh Gujrathi"]
[Result "0-1"]
[WhiteElo "2434"]
[BlackElo "2727"]
[PlyCount "112"]
[EventDate "2021.12.14"]
[EventType "swiss (blitz)"]
[EventRounds "11"]
[EventCountry "USA"]
[SourceTitle "EXT 2023"]
[Source "ChessBase"]
[SourceDate "2022.10.05"]
[SourceVersion "1"]
[SourceVersionDate "2022.10.05"]
[SourceQuality "1"]

1. e4 c5 2. Nf3 d6 3. d4 cxd4 4. Nxd4 Nf6 5. Nc3 a6 6. Be2 e5 7. Nb3 Be7 8. 0-0 0-0 9. f4 Nbd7 10. a4 b6 11. Kh1 Bb7 12. Bf3 Rc8 13. Qe2 Re8 14. f5 Bf8 15. Be3 Qc7 16. Rfd1 h6 17. Rd2 Qc4 18. Qd3 Qb4 19. Rad1 Rc4 20. Nc1 Rxc3 21. bxc3 Qxa4 22. c4 Rc8 23. Nb3 Qxc4 24. Qxc4 Rxc4 25. Be2 Rc8 26. c4 Nxe4 27. Rc2 Nef6 28. Bf3 Bxf3 29. gxf3 d5 30. Rdc1 d4 31. Bf2 a5 32. Nd2 Bb4 33. Kg2 Nc5 34. Nb1 Nd3 35. Rd1 Nf4+ 36. Kf1 b5 37. Bxd4 exd4 38. Rxd4 N6h5 39. Nd2 Bxd2 40. Rcxd2 bxc4 41. Rd8+ Rxd8 42. Rxd8+ Kh7 43. Rc8 Nd3 44. Rxc4 Ne5 45. Rc5 Nxf3 46. Rxa5 Nxh2+ 47. Kg2 Ng4 48. Kf3 Nhf6 49. Ra7 h5 50. Rxf7 Ne5+ 51. Kf4 Nxf7 52. Ke3 Kh6 53. Kf3 Kg5 54. Kg2 Kxf5 55. Kf2 g5 56. Kg2 g4 0-1

[Event "Titled Tuesday intern op 14th Dec"]
[Site "Chess.com INT"]
[Date "2021.12.14"]
[Round "6"]
[White "Alikhanov, Felix"]
[Black "Zierk, Steven C"]
[Result "1/2-1/2"]
[WhiteElo "2434"]
[BlackElo "2488"]
[PlyCount "173"]
[EventDate "2021.12.14"]
[EventType "swiss (blitz)"]
[EventRounds "11"]
[EventCountry "USA"]
[SourceTitle "EXT 2023"]
[Source "ChessBase"]
[SourceDate "2022.10.05"]
[SourceVersion "1"]
[SourceVersionDate "2022.10.05"]
[SourceQuality "1"]

1. e4 e6 2. d4 d5 3. Nd2 c5 4. Ngf3 cxd4 5. exd5 Qxd5 6. Bc4 Qd7 7. Nb3 Nc6 8. Qe2 a6 9. Bf4 b5 10. Bd3 Bb4+ 11. Bd2 Bxd2+ 12. Qxd2 e5 13. 0-0-0 Nge7 14. Rhe1 f6 15. c3 dxc3 16. Qxc3 Qc7 17. Kb1 Bg4 18. Rc1 Bxf3 19. gxf3 0-0 20. Nc5 Nd4 21. f4 Nd5 22. Qd2 Nxf4 23. Ne6 Qxc1+ 24. Rxc1 Ndxe6 25. Bf5 Nd4 26. Be4 Rad8 27. Qa5 Rd6 28. Qc7 Rfd8 29. a3 a5 30. Qb7 Nb3 31. Rc7 Rd1+ 32. Ka2 Nc1+ 33. Rxc1 Rxc1 34. Qxb5 h5 35. Qxa5 Rcc8 36. a4 Rd4 37. Bb7 Rb8 38. Qc7 Rdd8 39. a5 Nd3 40. Qc4+ Kh8 41. a6 Rd4 42. Qc7 Nb4+ 43. Ka3 Nxa6 44. Bxa6 Rdb4 45. Qc3 Rxb2 46. Qxb2 Rxb2 47. Kxb2 Kh7 48. Kc3 Kg6 49. Kd3 Kf5 50. Ke3 Kg4 51. Bc8+ f5 52. f3+ Kg5 53. Bd7 g6 54. Be8 h4 55. Bf7 Kf6 56. Be8 Kg5 57. Bf7 Kf6 58. Be8 g5 59. h3 Ke7 60. Bg6 Kf6 61. Bh7 Ke6 62. Kf2 Kf6 63. Ke3 Ke6 64. Kf2 Kf6 65. Bg8 Kg7 66. Bb3 Kf6 67. Bc2 Ke6 68. Ke3 Kf6 69. Kf2 Ke6 70. Bd3 Kf6 71. Ba6 Ke6 72. Bc8+ Kf6 73. Ke3 Kg6 74. Bd7 Kf6 75. Bc8 Kg6 76. Kd3 Kf6 77. Kc4 g4 78. fxg4 fxg4 79. hxg4 Kg5 80. Kd3 h3 81. Bb7 Kxg4 82. Ke4 h2 83. Kxe5 Kg3 84. Bh1 Kf2 85. Kf4 Kg1 86. Kg3 Kxh1 87. Kf2 1/2-1/2

[Event "Titled Tuesday intern op 14th Dec"]
[Site "Chess.com INT"]
[Date "2021.12.14"]
[Round "7"]
[White "Nesterov, Arseniy"]
[Black "Alikhanov, Felix"]
[Result "1-0"]
[WhiteElo "2523"]
[BlackElo "2434"]
[PlyCount "53"]
[EventDate "2021.12.14"]
[EventType "swiss (blitz)"]
[EventRounds "11"]
[EventCountry "USA"]
[SourceTitle "EXT 2023"]
[Source "ChessBase"]
[SourceDate "2022.10.05"]
[SourceVersion "1"]
[SourceVersionDate "2022.10.05"]
[SourceQuality "1"]

1. d4 Nf6 2. c4 g6 3. Nc3 Bg7 4. e4 d6 5. Be2 0-0 6. Be3 e5 7. d5 h5 8. h3 Nh7 9. g4 h4 10. Nf3 f5 11. gxf5 gxf5 12. exf5 Bxf5 13. Qd2 Nd7 14. 0-0-0 Nc5 15. Rdg1 Kh8 16. Ng5 a5 17. Nxh7 Kxh7 18. Rg5 a4 19. Rhg1 Rf7 20. Bh5 Nb3+ 21. axb3 axb3 22. Rxf5 Ra1+ 23. Nb1 Rxf5 24. Bg6+ Kh8 25. Bxf5 Qf6 26. Be4 Qf7 27. Qd1 1-0

[Event "Titled Tuesday intern op 21st Sept"]
[Site "Chess.com INT"]
[Date "2021.09.21"]
[Round "3"]
[White "Alikhanov, Felix"]
[Black "Suvorov, Luca"]
[Result "1/2-1/2"]
[WhiteElo "2434"]
[BlackElo "2280"]
[PlyCount "86"]
[EventDate "2021.09.21"]
[EventType "swiss (blitz)"]
[EventRounds "9"]
[EventCountry "USA"]
[SourceTitle "EXT 2022"]
[Source "ChessBase"]
[SourceDate "2021.10.06"]
[SourceVersion "1"]
[SourceVersionDate "2021.10.06"]
[SourceQuality "1"]

1. e4 e5 2. Nf3 Nc6 3. Bb5 a6 4. Bxc6 dxc6 5. 0-0 Bg4 6. h3 h5 7. d3 Qf6 8. Be3 Bxf3 9. Qxf3 Qxf3 10. gxf3 Bd6 11. Rd1 Ne7 12. Kf1 f6 13. Ke2 g5 14. Nd2 Ng6 15. a4 a5 16. Nc4 Kd7 17. c3 Ra6 18. d4 Ke6 19. d5+ cxd5 20. Rxd5 Rha8 21. Rad1 Ne7 22. Rb5 Rc6 23. Rxa5 Rxa5 24. Nxa5 Ra6 25. Nxb7 Rxa4 26. Nxd6 cxd6 27. Kd3 Ng6 28. Kc2 Nh4 29. b4 Nxf3 30. b5 Ra8 31. Kb3 g4 32. hxg4 h4 33. Kb4 h3 34. Rh1 h2 35. b6 Kd7 36. Kc4 Kc6 37. Kd3 Ra2 38. Rb1 Kb7 39. Rh1 Kc6 40. Rb1 Kb7 41. Rh1 Rb2 42. Kc4 Kc6 43. Kd3 Ra2 1/2-1/2

[Event "Titled Tuesday intern op 21st Sept"]
[Site "Chess.com INT"]
[Date "2021.09.21"]
[Round "1"]
[White "Bach, Ngoc Thuy Duong"]
[Black "Alikhanov, Felix"]
[Result "1-0"]
[WhiteElo "2198"]
[BlackElo "2434"]
[PlyCount "101"]
[EventDate "2021.09.21"]
[EventType "swiss (blitz)"]
[EventRounds "9"]
[EventCountry "USA"]
[SourceTitle "EXT 2022"]
[Source "ChessBase"]
[SourceDate "2021.10.06"]
[SourceVersion "1"]
[SourceVersionDate "2021.10.06"]
[SourceQuality "1"]

1. d4 Nf6 2. c4 g6 3. Nc3 Bg7 4. e4 d6 5. Nf3 0-0 6. Be2 e5 7. 0-0 exd4 8. Nxd4 Re8 9. f3 Nc6 10. Nc2 Nh5 11. Be3 Bxc3 12. bxc3 f5 13. c5 f4 14. Bf2 Qg5 15. cxd6 cxd6 16. Re1 Be6 17. Qxd6 Rad8 18. Qa3 Rd2 19. Nd4 Bh3 20. Bf1 Ne5 21. Qb3+ Kh8 22. Rad1 Rxf2 23. Kxf2 Bc8 24. Bb5 Rd8 25. Ne6 Qh4+ 26. Kg1 Rd2 27. Rf1 Rxd1 28. Rxd1 Bxe6 29. Qxe6 Qg5 30. Rd5 Nxf3+ 31. Kf2 Qh4+ 32. Kxf3 Kg7 33. Rd7+ Kh6 34. Qe7 Nf6 35. Qf8+ Kh5 36. Rd3 Qg4+ 37. Kf2 Nxe4+ 38. Kf1 Qh4 39. Rh3 Nd2+ 40. Ke2 f3+ 41. Kxd2 fxg2 42. Rxh4+ Kxh4 43. Qf2+ Kh3 44. Bd7+ Kxh2 45. Qh4+ Kg1 46. Ke3 Kf1 47. Bb5+ Kg1 48. Kf3 g5 49. Qh3 g4+ 50. Qxg4 Kh1 51. Qxg2# 1-0

[Event "Titled Tuesday intern op 14th Sept"]
[Site "Chess.com INT"]
[Date "2021.09.14"]
[Round "1"]
[White "Alikhanov, Felix"]
[Black "Senthilkumar, Pranav"]
[Result "1-0"]
[WhiteElo "2434"]
[BlackElo "1871"]
[PlyCount "73"]
[EventDate "2021.09.14"]
[EventType "swiss (blitz)"]
[EventRounds "11"]
[EventCountry "USA"]
[SourceTitle "EXT 2022"]
[Source "ChessBase"]
[SourceDate "2021.10.06"]
[SourceVersion "1"]
[SourceVersionDate "2021.10.06"]
[SourceQuality "1"]

1. e4 c5 2. Nf3 e6 3. c3 Nf6 4. e5 Nd5 5. Bc4 Nb6 6. Bb3 d6 7. 0-0 dxe5 8. Nxe5 Bd6 9. d4 cxd4 10. cxd4 0-0 11. Nc3 N8d7 12. Qe2 Qc7 13. Nb5 Qb8 14. Nxf7 Bxh2+ 15. Kh1 Nf6 16. Ng5 Nfd5 17. Nc3 Bf4 18. Nxe6 Re8 19. Nxd5 Bxe6 20. Qf3 Nxd5 21. Bxd5 Bxd5 22. Qxd5+ Kh8 23. g3 Bxg3 24. fxg3 Qxg3 25. Bf4 Qh3+ 26. Kg1 Re6 27. Qf3 Rg6+ 28. Kf2 Qd7 29. Be5 Kg8 30. Ke3 Re8 31. Rac1 Rge6 32. Qf5 Qe7 33. Kd3 h6 34. Rc7 Rxe5 35. Rxe7 R8xe7 36. Qf8+ Kh7 37. dxe5 1-0

[Event "RUS-chT2"]
[Site "Sochi"]
[Date "2019.05.10"]
[Round "9.3"]
[White "Savitskiy, Sergey"]
[Black "Alikhanov, Felix"]
[Result "1/2-1/2"]
[WhiteElo "2411"]
[BlackElo "2455"]
[PlyCount "45"]
[EventDate "2019.05.01"]
[EventType "team-swiss"]
[EventRounds "9"]
[EventCountry "RUS"]
[SourceTitle "CBM 190 Extra"]
[Source "ChessBase"]
[SourceDate "2019.07.15"]
[SourceVersion "1"]
[SourceVersionDate "2019.07.15"]
[SourceQuality "1"]
[WhiteTeam "Yamal Region"]
[BlackTeam "Dagestan"]
[WhiteTeamCountry "RUS"]
[BlackTeamCountry "RUS"]

1. e4 e6 2. d4 d5 3. Nc3 Bb4 4. a3 Bxc3+ 5. bxc3 dxe4 6. Qg4 Nf6 7. Qxg7 Rg8 8. Qh6 Nbd7 9. Nh3 c5 10. Be2 cxd4 11. cxd4 Rxg2 12. Ng5 Qa5+ 13. Kf1 Ng4 14. Bxg4 Rxg4 15. h3 Qb5+ 16. Ke1 Rg2 17. Be3 b6 18. Qg7 Qf5 19. Kf1 Rg3 20. Ke1 Rg2 21. Kf1 Rg3 22. Ke1 Rg2 23. Kf1 1/2-1/2

[Event "Khanty-Mansiysk Governor Cup"]
[Site "Khanty-Mansiysk"]
[Date "2008.10.23"]
[Round "9"]
[White "Alikhanov, Felix"]
[Black "Pridorozhni, Aleksei"]
[Result "1-0"]
[WhiteElo "2438"]
[BlackElo "2524"]
[PlyCount "81"]
[EventDate "2008.10.15"]
[EventType "swiss"]
[EventRounds "9"]
[EventCountry "RUS"]
[SourceTitle "EXT 2010"]
[Source "ChessBase"]
[SourceDate "2010.11.25"]
[SourceVersion "1"]
[SourceVersionDate "2010.11.25"]
[SourceQuality "1"]

1. e4 g6 2. d4 Bg7 3. Nc3 a6 4. a4 c5 5. dxc5 Qa5 6. Bd3 Bxc3+ 7. bxc3 Qxc3+ 8. Bd2 Qxc5 9. Nf3 Nc6 10. 0-0 d6 11. Rb1 Nf6 12. Bh6 Qh5 13. Bg7 Rg8 14. Bxf6 exf6 15. Be2 Ke7 16. Qd2 Rd8 17. Rfd1 Kf8 18. Qf4 Kg7 19. Rxd6 Rxd6 20. Qxd6 Qa5 21. Qd3 Rb8 22. h3 Be6 23. c3 Re8 24. Nd4 Bc8 25. Nxc6 bxc6 26. Bf3 Qg5 27. Qxa6 Bxh3 28. Qxc6 Re6 29. Qd5 Re5 30. Qd8 Bxg2 31. Bxg2 Rxe4 32. Kf1 Rxa4 33. Qd5 Qf4 34. Kg1 h5 35. Qd7 Ra2 36. Qd4 Qf5 37. Rb7 Ra1+ 38. Kh2 Ra2 39. Rxf7+ Kxf7 40. Bd5+ Kg7 41. Bxa2 1-0

[Event "Khanty-Mansiysk Governor Cup"]
[Site "Khanty-Mansiysk"]
[Date "2008.10.19"]
[Round "5"]
[White "Alikhanov, Felix"]
[Black "Lozhnikov, Vyacheslav"]
[Result "0-1"]
[WhiteElo "2438"]
[BlackElo "2250"]
[PlyCount "122"]
[EventDate "2008.10.15"]
[EventType "swiss"]
[EventRounds "9"]
[EventCountry "RUS"]
[SourceTitle "EXT 2010"]
[Source "ChessBase"]
[SourceDate "2010.11.25"]
[SourceVersion "1"]
[SourceVersionDate "2010.11.25"]
[SourceQuality "1"]

1. e4 c5 2. d4 cxd4 3. c3 Nf6 4. e5 Nd5 5. Nf3 Nc6 6. cxd4 d6 7. Bc4 Nb6 8. Bb5 dxe5 9. Nxe5 Bd7 10. Nxd7 Qxd7 11. 0-0 e6 12. Qg4 g6 13. Nc3 Bg7 14. Rd1 Nd5 15. Qh4 0-0 16. Bh6 Nxc3 17. bxc3 a6 18. Bxg7 Kxg7 19. Be2 Rac8 20. Rd3 Qe7 21. Qg3 Rfd8 22. h4 Qc7 23. f4 Ne7 24. Rc1 Nf5 25. Qf2 b5 26. h5 Qb6 27. Bg4 Ne7 28. Qh4 Nd5 29. Bf3 f6 30. Bxd5 Rxd5 31. hxg6 hxg6 32. Re1 Qd6 33. Qg4 Rf5 34. Rh3 Re8 35. Rg3 g5 36. Qxf5 exf5 37. Rxe8 b4 38. cxb4 Qxd4+ 39. Kh2 Qxf4 40. Re7+ Kg6 41. a3 g4 42. Ree3 Qh6+ 43. Kg1 Qh4 44. Rc3 f4 45. Rxg4+ Qxg4 46. Rf3 Qh4 47. Kf1 Qh1+ 48. Kf2 Kg5 49. Rh3 Qa1 50. Rf3 Qb2+ 51. Kg1 Kf5 52. Kh2 Ke4 53. Rh3 f5 54. Rf3 Qc1 55. Rh3 Kd4 56. Rf3 Kc4 57. Rh3 Kb5 58. Rd3 Qc4 59. Rf3 Ka4 60. Kh3 Qe4 61. Rc3 Qe3+ 0-1

[Event "Alushta Summer 1st"]
[Site "Alushta"]
[Date "2008.06.??"]
[Round "7"]
[White "Alikhanov, Felix"]
[Black "Belikov, Vladimir"]
[Result "1/2-1/2"]
[WhiteElo "2392"]
[BlackElo "2554"]
[PlyCount "127"]
[EventDate "2008.06.??"]
[EventType "tourn"]
[EventRounds "9"]
[EventCountry "UKR"]
[EventCategory "9"]
[SourceTitle "EXT 2009"]
[Source "ChessBase"]
[SourceDate "2008.11.26"]
[SourceVersion "1"]
[SourceVersionDate "2008.11.26"]
[SourceQuality "1"]

1. e4 c5 2. Nf3 d6 3. c3 Nf6 4. Be2 Nbd7 5. d3 b6 6. 0-0 Bb7 7. Nbd2 g6 8. d4 cxd4 9. cxd4 Bg7 10. e5 dxe5 11. dxe5 Nd5 12. e6 fxe6 13. Ng5 Nc7 14. Bc4 Bd5 15. Qe2 Nc5 16. Nde4 Bxc4 17. Qxc4 Qd3 18. Qb4 Nd5 19. Qe1 Nxe4 20. Nxe4 h6 21. Ng3 Kf7 22. a4 Rac8 23. Ra3 Qb1 24. Rf3+ Bf6 25. Ne2 Qe4 26. Qd1 Qc2 27. Qe1 Qxa4 28. Nf4 Nxf4 29. Bxf4 Rc5 30. Be5 Qb5 31. Bxf6 exf6 32. Qd2 Qc6 33. b4 Rd5 34. Qb2 e5 35. Qa2 Rhd8 36. h4 h5 37. Qxa7+ R8d7 38. Qa2 Kg7 39. Qb1 Rd4 40. Rg3 Qe4 41. Qb3 Qxh4 42. Rc1 Rd2 43. Qb1 g5 44. Qb3 b5 45. Qf3 g4 46. Qb3 Kh6 47. Rf1 Qg5 48. Rc3 R2d5 49. Rc8 Kg7 50. Qa2 Rd8 51. Rxd8 Rxd8 52. Qa5 Rd5 53. Qc7+ Kh6 54. Ra1 g3 55. fxg3 Qe3+ 56. Kh2 Rd3 57. Rf1 Qxg3+ 58. Kg1 Qe3+ 59. Kh1 Qg5 60. Qf7 Qh4+ 61. Kg1 Qd4+ 62. Kh1 Qh4+ 63. Kg1 Qd4+ 64. Kh1 1/2-1/2

[Event "Alushta Summer 1st"]
[Site "Alushta"]
[Date "2008.06.??"]
[Round "4"]
[White "Alikhanov, Felix"]
[Black "Vlasenko, Miroslav"]
[Result "1-0"]
[WhiteElo "2392"]
[BlackElo "2397"]
[PlyCount "65"]
[EventDate "2008.06.??"]
[EventType "tourn"]
[EventRounds "9"]
[EventCountry "UKR"]
[EventCategory "9"]
[SourceTitle "EXT 2009"]
[Source "ChessBase"]
[SourceDate "2008.11.26"]
[SourceVersion "1"]
[SourceVersionDate "2008.11.26"]
[SourceQuality "1"]

1. e4 c6 2. d4 d5 3. Nd2 dxe4 4. Nxe4 Nf6 5. Nxf6+ exf6 6. Nf3 Bd6 7. Bc4 0-0 8. 0-0 Bg4 9. h3 Bh5 10. c3 Nd7 11. g4 Bg6 12. Nh4 Be4 13. Re1 Bd5 14. Bxd5 cxd5 15. Nf5 Nb6 16. Qf3 Qc7 17. Nxg7 Qc6 18. Nh5 Nd7 19. Qf5 Rfd8 20. g5 Bf8 21. gxf6 Re8 22. Bf4 Kh8 23. Kh1 Rxe1+ 24. Rxe1 Nb6 25. Qg5 Qd7 26. Rg1 Qxh3+ 27. Bh2 Qf3+ 28. Rg2 Bh6 29. Qxh6 Rg8 30. Ng3 Nc4 31. b3 Qd1+ 32. Nf1 Qxf1+ 33. Rg1 1-0

[Event "Alushta May"]
[Site "Alushta"]
[Date "2008.05.??"]
[Round "3"]
[White "Alikhanov, Felix"]
[Black "Itkis, Boris"]
[Result "1/2-1/2"]
[WhiteElo "2392"]
[BlackElo "2447"]
[PlyCount "66"]
[EventDate "2008.05.??"]
[EventType "tourn"]
[EventRounds "14"]
[EventCountry "UKR"]
[EventCategory "10"]
[SourceTitle "EXT 2009"]
[Source "ChessBase"]
[SourceDate "2008.11.26"]
[SourceVersion "1"]
[SourceVersionDate "2008.11.26"]
[SourceQuality "1"]

1. e4 c6 2. d4 d5 3. Nd2 dxe4 4. Nxe4 Bf5 5. Ng3 Bg6 6. h4 h6 7. f4 e6 8. Nf3 Nd7 9. h5 Bh7 10. Bd3 Bxd3 11. Qxd3 Qc7 12. Bd2 0-0-0 13. Qe2 c5 14. Ne5 Nb6 15. dxc5 Bxc5 16. 0-0-0 Nf6 17. Kb1 Bd4 18. Rhf1 Kb8 19. c3 Bc5 20. Bc1 Bd6 21. Rd3 Nfd5 22. Rd4 Bc5 23. Rd3 Bd6 24. Rd4 Bc5 25. Rdd1 Bd6 26. c4 Nb4 27. b3 Bxe5 28. fxe5 Nc6 29. Bb2 Rxd1+ 30. Rxd1 Rd8 31. Rf1 f5 32. exf6 Qxg3 33. fxg7 Nd7 1/2-1/2

[Event "Alushta May"]
[Site "Alushta"]
[Date "2008.05.??"]
[Round "11"]
[White "Alikhanov, Felix"]
[Black "Kabanov, Nikolai"]
[Result "1-0"]
[WhiteElo "2392"]
[BlackElo "2532"]
[PlyCount "89"]
[EventDate "2008.05.??"]
[EventType "tourn"]
[EventRounds "14"]
[EventCountry "UKR"]
[EventCategory "10"]
[SourceTitle "EXT 2009"]
[Source "ChessBase"]
[SourceDate "2008.11.26"]
[SourceVersion "1"]
[SourceVersionDate "2008.11.26"]
[SourceQuality "1"]

1. e4 c5 2. Nf3 d6 3. c3 Nf6 4. Be2 Nc6 5. d4 cxd4 6. cxd4 Nxe4 7. d5 Qa5+ 8. Nc3 Nxc3 9. bxc3 Ne5 10. Nxe5 dxe5 11. Rb1 a6 12. 0-0 g6 13. Be3 Qc7 14. Qa4+ Bd7 15. Qb3 Bc8 16. Bb6 Qd7 17. c4 Bg7 18. c5 0-0 19. Bf3 Qf5 20. Rfe1 Qg5 21. d6 exd6 22. cxd6 Be6 23. Bd5 Rae8 24. d7 Bxd7 25. Bc5 b5 26. Bxf8 Rxf8 27. Rbc1 a5 28. Qe3 Qf5 29. Qb6 Bh6 30. Rcd1 a4 31. Qd6 Be6 32. Bxe6 fxe6 33. f3 Bf4 34. Qc6 Rb8 35. Qc7 Rf8 36. Qc6 Rb8 37. Rd7 Qf6 38. g3 Bh6 39. Rd6 Rf8 40. Kg2 Bg7 41. Rxe6 Qf7 42. Rd1 Qa7 43. Re8 Qf7 44. Rxf8+ Bxf8 45. Rd2 1-0